000
00208 a2200097 4500
001
38218
100
_a
Khan M Ali
245
_a
Moral evolution
260
_a
Lahore
_b
Ferozsons
_c
1990
090
_c
24276
_d
24276
942
_a
NUST-CAE
_c
M
_c
15865
999
_c
273291
_d
273291